All 1M+ Cities in India - Statistics

General Stats
  • This quiz has been taken 57 times
  • The average score is 26 of 55
Answer Stats
State Population (Millions) City Name % Correct
Karnataka 11.8 Bengaluru
100%
West Bengal 16.6 Kolkata
100%
Maharashtra 24.7 Mumbai
100%
Tamil Nadu 11 Chennai
98%
Municipality 29.4 Delhi
98%
Gujarat 8.3 Ahmedabad
96%
Telangana 9.9 Hyderabad
96%
Maharashtra 6.7 Pune
90%
Gujarat 6.4 Surat
86%
Rajasthan 3.9 Jaipur
84%
Uttar Pradesh 3.6 Lucknow
82%
Maharashtra 3.2 Nagpur
74%
Madhya Pradesh 3.1 Indore
68%
Uttar Pradesh 3.4 Kanpur
68%
Madhya Pradesh 2.35 Bhopal
64%
Bihar 2.625 Patna
64%
Municipality 2.275 Chandigarh
56%
Tamil Nadu 2.65 Coimbatore
52%
Uttar Pradesh 2.225 Agra
50%
Odisha 1.86 Bhubaneswar
48%
Jammu and Kashmir 1.56 Srinagar
48%
Punjab 1.38 Amritsar
46%
Kerala 1.58 Kochi
44%
Punjab 1.94 Ludhiana
44%
Gujarat 1.83 Rajkot
44%
Gujarat 2.175 Vadodara
44%
Andhra Pradesh 2.15 Visakhapatnam
44%
Chhattisgarh 2.8 Bhilai
42%
Uttar Pradesh 1.9 Varanasi
40%
Rajasthan 1.44 Jodhpur
38%
Andhra Pradesh 1.94 Vijayawada
38%
Tamil Nadu 1.75 Madurai
34%
West Bengal 1.58 Asansol
32%
Jharkhand 1.63 Jamshedpur
32%
Maharashtra 2.025 Nashik
32%
Jharkhand 1.4 Ranchi
32%
Assam 1.12 Guwahati
30%
Karnataka 1.2 Mysuru
30%
Uttar Pradesh 1.71 Meerut
28%
Maharashtra 1.75 Aurangabad
26%
Jharkhand 1.36 Dhanbad
26%
Uttar Pradesh 1.44 Allahabad
24%
Karnataka 1.12 Hubli Dharwad
24%
Madhya Pradesh 1.37 Gwalior
22%
Madhya Pradesh 1.47 Jabalpur
22%
Rajasthan 1.33 Kota
22%
Uttar Pradesh 1.28 Bareilly
20%
Kerala 1.01 Kozhikode
20%
Tamil Nadu 1.09 Salem
16%
Tamil Nadu 1.19 Tiruchirappalli
16%
Tamil Nadu 1.35 Tiruppur
16%
Uttar Pradesh 1.21 Aligarh
14%
Punjab 1.1 Jalandhar
14%
Uttar Pradesh 1.22 Moradabad
12%
Maharashtra 1.07 Solapur
12%
No matching quizzes found
Score Distribution
Percent of People with Each Score
Percentile by Number Answered
Your Score History
You have not taken this quiz